[Event "2.BLS 0506 SK Viernheim - Heidelberg HS"]
[Site "?"]
[Date "2005.10.23"]
[Round "1.1"]
[White "Ikonnikov, Viacheslav"]
[Black "Boguslavsky, Oleh"]
[Result "0-1"]
[WhiteElo "2566"]
[BlackElo "2386"]
[PlyCount "70"]
[EventDate "2005.??.??"]

1. d4 d5 2. Nf3 Nf6 3. c4 c6 4. Nc3 a6 5. a4 e6 6. Bg5 Nbd7 7. a5 dxc4 8. e3 b5
9. axb6 Qxb6 10. Ra2 Qb3 11. Bxf6 gxf6 12. Nd2 Qxd1+ 13. Kxd1 Bb4 14. g3 c5 15.
Bg2 Rb8 16. Nxc4 cxd4 17. exd4 Nb6 18. Na5 Bxa5 19. Rxa5 Ke7 20. Kc2 Rd8 21.
Rd1 Nc4 22. Ra2 Nd6 23. Kc1 Rb4 24. Bf1 Rb6 25. Ra5 Bb7 26. Na4 Rc8+ 27. Kb1
Be4+ 28. Ka2 Rb4 29. Nc5 Bd5+ 30. Kb1 Ne4 31. Bxa6 Rcb8 32. Ka1 Rxb2 33. Nd3
Rc2 34. Rc1 Nd2 35. Rxc2 Rb1# 0-1

[Event "2.BLS 0506 SK Viernheim - Heidelberg HS"]
[Site "?"]
[Date "2005.10.23"]
[Round "1.2"]
[White "Lazarev, Vladimir"]
[Black "Schwalfenberg, Joerg"]
[Result "1-0"]
[WhiteElo "2513"]
[BlackElo "2335"]
[PlyCount "71"]
[EventDate "2005.??.??"]

1. c4 Nf6 2. d4 c6 3. Nf3 d5 4. e3 e6 5. Bd3 Nbd7 6. O-O Bd6 7. Nc3 dxc4 8.
Bxc4 O-O 9. e4 e5 10. Be3 Ng4 11. Bg5 Be7 12. Bxe7 Qxe7 13. h3 exd4 14. Nxd4
Nge5 15. Be2 Ng6 16. Nf5 Qe5 17. Qd6 Qa5 18. b4 Qe5 19. Rac1 Nb6 20. f4 Qxd6
21. Nxd6 Rd8 22. Rcd1 Rb8 23. a4 Bd7 24. e5 Ne7 25. Bf3 Nbc8 26. Nc4 Nd5 27.
Nxd5 cxd5 28. Rxd5 Nb6 29. Ra5 a6 30. Nd6 Bxa4 31. Rc1 Bb3 32. b5 Rd7 33. bxa6
bxa6 34. Rxa6 Nd5 35. Rb1 Nb4 36. Ra3 1-0

[Event "2.BLS 0506 SK Viernheim - Heidelberg HS"]
[Site "?"]
[Date "2005.10.23"]
[Round "1.3"]
[White "Roos, Jean-Luc"]
[Black "Beikert, Guenther Dr"]
[Result "0-1"]
[WhiteElo "2294"]
[BlackElo "2428"]
[PlyCount "138"]
[EventDate "2005.??.??"]

1. d4 Nf6 2. c4 e6 3. Nf3 b6 4. g3 Ba6 5. b3 Bb4+ 6. Bd2 Be7 7. Bg2 O-O 8. O-O
c6 9. Nc3 d5 10. cxd5 cxd5 11. Ne5 Nfd7 12. Nxd7 Qxd7 13. Re1 f5 14. a3 Nc6 15.
e3 Rac8 16. Ne2 Rc7 17. Ra2 Rfc8 18. Qb1 Bd6 19. Kh1 Na5 20. Bf1 Nxb3 21. Bb4
Bxe2 22. Raxe2 Bxb4 23. axb4 Qa4 24. Rb2 Rc1 25. Rxc1 Rxc1 26. Qd3 Qa1 27. Rxb3
Rxf1+ 28. Kg2 Rg1+ 29. Kf3 Kf7 30. Ra3 Qb1 31. Rxa7+ Kf6 32. Qxb1 Rxb1 33. Rb7
Rxb4 34. h4 Rb2 35. Rb8 b5 36. Rb7 b4 37. Kg2 b3 38. Kf3 Rb1 39. Kg2 b2 40. Kf3
g6 41. Kg2 h6 42. Kf3 g5 43. hxg5+ hxg5 44. Kg2 f4 45. gxf4 gxf4 46. exf4 Kf5
47. Kf3 Rd1 48. Rxb2 Rxd4 49. Rb3 Rxf4+ 50. Ke3 Re4+ 51. Kd3 Kf4 52. Kd2 Ra4
53. Rb7 Ke4 54. Rh7 Ra2+ 55. Ke1 e5 56. Rh3 d4 57. Rg3 Kd5 58. Rg5 Ke4 59. Rg3
Kf4 60. Rg8 d3 61. Rd8 Ke4 62. Rb8 Re2+ 63. Kf1 Kd4 64. Rc8 Re4 65. f3 Re2 66.
Re8 Ra2 67. Ke1 e4 68. Rxe4+ Kc3 69. Re3 Kc2 0-1

[Event "2.BLS 0506 SK Viernheim - Heidelberg HS"]
[Site "?"]
[Date "2005.10.23"]
[Round "1.4"]
[White "Mandel, Andreas"]
[Black "Postojev, Alexander"]
[Result "1-0"]
[WhiteElo "2410"]
[BlackElo "2256"]
[PlyCount "63"]
[EventDate "2005.??.??"]

1. d4 d5 2. c4 c6 3. Nf3 Nf6 4. Nc3 e6 5. Bg5 h6 6. Bxf6 Qxf6 7. e3 Nd7 8. Bd3
dxc4 9. Bxc4 g6 10. O-O Bg7 11. Rc1 O-O 12. Bb3 Qe7 13. Ne4 Rd8 14. Qc2 e5 15.
Ng3 exd4 16. exd4 Nf8 17. Rfe1 Be6 18. h4 Qb4 19. Bxe6 Nxe6 20. h5 Nxd4 21.
Nxd4 Qxd4 22. hxg6 Rf8 23. Nf5 Qf6 24. Re7 Qxg6 25. Re3 Bf6 26. Rg3 Bg5 27.
Ne7+ Bxe7 28. Rxg6+ fxg6 29. Qxg6+ Kh8 30. Qxh6+ Kg8 31. Qg6+ Kh8 32. Rc3 1-0

[Event "2.BLS 0506 SK Viernheim - Heidelberg HS"]
[Site "?"]
[Date "2005.10.23"]
[Round "1.5"]
[White "Nippgen, Georg"]
[Black "Nguyen, Chi Minh"]
[Result "0-1"]
[WhiteElo "2258"]
[BlackElo "2371"]
[PlyCount "74"]
[EventDate "2005.??.??"]

1. Nf3 Nf6 2. b3 e6 3. Bb2 b6 4. e3 Bb7 5. d4 Bb4+ 6. c3 Be7 7. Bd3 c5 8. O-O
O-O 9. dxc5 Bxc5 10. Nbd2 d5 11. Qe2 Nbd7 12. c4 Qe7 13. cxd5 Nxd5 14. a3 Bd6
15. Ne4 Nc5 16. Nxd6 Qxd6 17. Bc4 Rfd8 18. Rad1 Qe7 19. Rd4 Nf6 20. Ne5 Rxd4
21. Bxd4 Ncd7 22. Nxd7 Nxd7 23. Qg4 e5 24. Bc3 Nf6 25. Qf5 Re8 26. Rd1 Be4 27.
Qg5 h6 28. Qh4 Qxa3 29. f3 Qc5 30. Bd4 exd4 31. exd4 Qb4 32. fxe4 b5 33. e5
bxc4 34. exf6 Qxb3 35. Re1 Rxe1+ 36. Qxe1 gxf6 37. d5 Qd3 0-1

[Event "2.BLS 0506 SK Viernheim - Heidelberg HS"]
[Site "?"]
[Date "2005.10.23"]
[Round "1.6"]
[White "Schmidt, Stefan"]
[Black "Neunhoeffer, Helmut Dr"]
[Result "0-1"]
[WhiteElo "2234"]
[BlackElo "2308"]
[PlyCount "64"]
[EventDate "2005.??.??"]

1. e4 e5 2. Nf3 Nc6 3. Bb5 a6 4. Ba4 Nf6 5. d3 d6 6. c3 g6 7. h3 Bg7 8. Bg5 O-O
9. Qc1 Qe7 10. Bxc6 bxc6 11. g4 a5 12. Nbd2 Qe6 13. Qc2 Nd7 14. Be3 d5 15. Nb3
f5 16. Nc5 Qe7 17. Nxd7 Bxd7 18. gxf5 gxf5 19. Rg1 Kh8 20. Bg5 Qe8 21. Nh4 fxe4
22. dxe4 Qf7 23. Rg3 dxe4 24. O-O-O Be6 25. Be3 Bf6 26. Qxe4 Bd5 27. Qa4 Bxa2
28. Rdg1 Bb3 29. Qe4 Bxh4 30. Qxe5+ Bf6 31. Bd4 Bxe5 32. Bxe5+ Qf6 0-1

[Event "2.BLS 0506 SK Viernheim - Heidelberg HS"]
[Site "?"]
[Date "2005.10.23"]
[Round "1.7"]
[White "Syska, Albert"]
[Black "Martin, Stefan"]
[Result "1/2-1/2"]
[WhiteElo "2230"]
[BlackElo "2273"]
[PlyCount "81"]
[EventDate "2005.??.??"]

1. e4 c5 2. Nf3 Nc6 3. d4 cxd4 4. Nxd4 Nf6 5. Nc3 d6 6. Bg5 e6 7. Qd2 a6 8.
O-O-O Bd7 9. f3 b5 10. Nxc6 Bxc6 11. Ne2 Be7 12. Nd4 Bb7 13. h4 Qc7 14. Bd3
O-O-O 15. Nb3 h6 16. Be3 d5 17. e5 Nd7 18. f4 Kb8 19. Qf2 h5 20. Kb1 Rc8 21.
Qf3 g6 22. Qf2 Nc5 23. Nxc5 Bxc5 24. Bxc5 Qxc5 25. Qxc5 Rxc5 26. Rdg1 d4 27.
Rh3 Bd5 28. b3 Rc3 29. Rh2 Kb7 30. Rd1 Kb6 31. Rd2 Kc5 32. Rh1 Rc8 33. Re1 a5
34. a3 b4 35. a4 Bc6 36. Kb2 Rd8 37. Rg1 Rh8 38. Rf2 Bd5 39. Rd2 Bc6 40. Rf2
Bd5 41. Rd2 1/2-1/2

[Event "2.BLS 0506 SK Viernheim - Heidelberg HS"]
[Site "?"]
[Date "2005.10.23"]
[Round "1.8"]
[White "Tresch, Ralf"]
[Black "Kindsvogel, Robert"]
[Result "1/2-1/2"]
[WhiteElo "2236"]
[BlackElo "2299"]
[PlyCount "90"]
[EventDate "2005.??.??"]

1. e4 c5 2. Nf3 Nc6 3. Nc3 e5 4. Bc4 d6 5. O-O Bg4 6. h3 Bh5 7. Nxe5 Nxe5 8.
Bb5+ Nc6 9. Qxh5 Nf6 10. Qe2 Be7 11. d3 O-O 12. Bxc6 bxc6 13. e5 dxe5 14. Qxe5
Nd5 15. Bd2 Bf6 16. Qe4 Rb8 17. Rab1 Re8 18. Qc4 Bd4 19. Qa4 Re6 20. Ne4 Rg6
21. c3 Nb6 22. Qc2 f5 23. cxd4 fxe4 24. Bf4 Rb7 25. dxe4 cxd4 26. b4 Rf7 27.
Bg3 d3 28. Qb3 Qd4 29. Kh2 Nc4 30. Rbd1 d2 31. f3 Ne3 32. Rf2 Nxd1 33. Qxd1
Qxb4 34. Rxd2 h6 35. Rd4 Qb2 36. Rd2 Qb5 37. Rd8+ Rf8 38. a4 Qb7 39. Rxf8+ Kxf8
40. Qd8+ Kf7 41. Bd6 Rf6 42. e5 Rf5 43. g4 Qb2+ 44. Kg3 Rxf3+ 45. Kxf3 Qc3+
1/2-1/2

[Event "2.BLS 0506 SC HP Böblingen - OSC Baden "]
[Site "?"]
[Date "2005.10.23"]
[Round "1.1"]
[White "Schenk, Andreas"]
[Black "Dausch, Rene"]
[Result "1-0"]
[WhiteElo "2497"]
[BlackElo "2387"]
[PlyCount "101"]
[EventDate "2005.??.??"]

1. d4 d5 2. Nf3 Nc6 3. e3 Bg4 4. Nbd2 e5 5. dxe5 Nxe5 6. Be2 Bxf3 7. Nxf3 Bd6
8. c4 dxc4 9. Nxe5 Bxe5 10. Qa4+ c6 11. Qxc4 Nf6 12. Bd2 O-O 13. Rd1 Qd5 14.
Qxd5 Nxd5 15. Bc1 Rad8 16. Bc4 Nb6 17. Bb3 Rxd1+ 18. Kxd1 Rd8+ 19. Ke2 Kf8 20.
g4 Nd5 21. h4 Bc7 22. g5 Ke7 23. Rd1 g6 24. a3 f5 25. gxf6+ Nxf6 26. Rg1 Rd7
27. Bc4 Ne4 28. h5 gxh5 29. Bd3 Nd6 30. Rh1 Ne8 31. Rxh5 Nf6 32. Rh4 Kf8 33. e4
h5 34. Bg5 Bd8 35. Bh6+ Kf7 36. Rh3 Ng4 37. Bd2 h4 38. f4 Kg6 39. Bc3 Kh5 40.
Bc4 Bb6 41. Be1 Bd8 42. Be6 Rg7 43. Kf3 Nh6 44. Bf2 b6 45. e5 Ng4 46. Be1 Nh6
47. Rh1 Ng4 48. Ke4 Nh6 49. Bh3 Ng4 50. Bf1 Rg8 51. Be2 1-0

[Event "2.BLS 0506 SC HP Böblingen - OSC Baden "]
[Site "?"]
[Date "2005.10.23"]
[Round "1.2"]
[White "Gheng, Josef"]
[Black "Kachiani-Gersinska, Ketino"]
[Result "1/2-1/2"]
[WhiteElo "2341"]
[BlackElo "2421"]
[PlyCount "70"]
[EventDate "2005.??.??"]

1. e4 c6 2. d4 d5 3. Nc3 dxe4 4. Nxe4 Bf5 5. Ng3 Bg6 6. Bc4 e6 7. N1e2 Nf6 8.
Bb3 Bd6 9. Nf4 Qc7 10. Qf3 a5 11. a4 Nbd7 12. O-O O-O 13. Nxg6 hxg6 14. Re1
Rfe8 15. Bg5 c5 16. dxc5 Qxc5 17. Bxf6 Nxf6 18. Ne4 Nxe4 19. Qxe4 Qh5 20. g3 b6
21. Kg2 Rad8 22. c3 Bc5 23. Rad1 Qg5 24. Bc4 Rxd1 25. Rxd1 Rd8 26. Rxd8+ Qxd8
27. b4 axb4 28. cxb4 Bxb4 29. Bxe6 Qe7 30. Qa8+ Qf8 31. Bc8 Qe8 32. Qb7 Bc5 33.
Bd7 Qe7 34. Qc8+ Kh7 35. Bc6 Qf6 1/2-1/2

[Event "2.BLS 0506 SC HP Böblingen - OSC Baden "]
[Site "?"]
[Date "2005.10.23"]
[Round "1.3"]
[White "Netzer, Jean"]
[Black "Bauer, Peter"]
[Result "1-0"]
[WhiteElo "2362"]
[BlackElo "2295"]
[PlyCount "111"]
[EventDate "2005.??.??"]

1. e4 c5 2. Nc3 d6 3. Nge2 g6 4. d4 cxd4 5. Nxd4 Nf6 6. h3 Bg7 7. g3 Nc6 8. Be3
O-O 9. Bg2 Bd7 10. O-O Rc8 11. a4 a6 12. Nde2 h5 13. Rc1 Na5 14. b3 b5 15. axb5
axb5 16. Qd2 Kh7 17. Rfe1 Rb8 18. Nd4 e6 19. Rcd1 Qc7 20. Nde2 Ne8 21. Na2 Nc6
22. c3 Na5 23. Nac1 Rc8 24. Bd4 Bh6 25. Be3 Bg7 26. Bd4 Bh6 27. f4 e5 28. Bxe5
dxe5 29. Qxd7 Qc5+ 30. Kh1 Nf6 31. Qd6 Qxd6 32. Rxd6 Ne8 33. Rd5 exf4 34. Rxb5
f3 35. Bxf3 Bd2 36. Rd1 Bxc3 37. b4 Nc4 38. Nxc3 Nb2 39. Rc5 Rxc5 40. bxc5 Nxd1
41. Nxd1 Ng7 42. c6 Ne6 43. Ne2 f6 44. Ne3 Rc8 45. Nd5 Rxc6 46. Nxf6+ Kg7 47.
h4 Ra6 48. Nd5 Ra3 49. Kg2 Nc5 50. Nef4 Ra2+ 51. Kh3 Nd7 52. Nd3 Rd2 53. N5f4
Kf6 54. e5+ Kf5 55. g4+ hxg4+ 56. Bxg4+ 1-0

[Event "2.BLS 0506 SC HP Böblingen - OSC Baden "]
[Site "?"]
[Date "2005.10.23"]
[Round "1.4"]
[White "Ortmann, David"]
[Black "Mutschnik, Illya"]
[Result "1/2-1/2"]
[WhiteElo "2294"]
[BlackElo "2414"]
[PlyCount "51"]
[EventDate "2005.??.??"]

1. Nf3 Nf6 2. c4 g6 3. Nc3 Bg7 4. e4 d6 5. d4 O-O 6. Be2 e5 7. O-O Nc6 8. d5
Ne7 9. b4 Nh5 10. Re1 f5 11. Ng5 Nf6 12. Bf3 Kh8 13. Bb2 Ne8 14. Ne6 Bxe6 15.
dxe6 Qc8 16. b5 c6 17. bxc6 bxc6 18. c5 Qxe6 19. Ba3 Rd8 20. cxd6 Nxd6 21. Qa4
fxe4 22. Nxe4 Nb5 23. Ng5 Qf6 24. Ne4 Qf7 25. Ng5 Qf6 26. Ne4 1/2-1/2

[Event "2.BLS 0506 SC HP Böblingen - OSC Baden "]
[Site "?"]
[Date "2005.10.23"]
[Round "1.5"]
[White "Nill, Jessica"]
[Black "Kabisch, Thilo"]
[Result "1-0"]
[WhiteElo "2339"]
[BlackElo "2330"]
[PlyCount "101"]
[EventDate "2005.??.??"]

1. d4 Nf6 2. c4 g6 3. Nc3 Bg7 4. e4 d6 5. Nf3 O-O 6. Be2 e5 7. O-O Nc6 8. d5
Ne7 9. b4 Ne8 10. a4 f5 11. Nd2 Nf6 12. a5 Bh6 13. c5 Kh8 14. Bc4 Bxd2 15. Bxd2
f4 16. a6 b6 17. cxd6 cxd6 18. Bb5 f3 19. Qxf3 Nfxd5 20. Qd3 Nxb4 21. Qb1 Nbc6
22. Bg5 Qc7 23. Rc1 Nd4 24. Nd5 Nxd5 25. Rxc7 Nxc7 26. Bc4 Be6 27. Bxe6 Ncxe6
28. Be7 Rfc8 29. Qa2 Rc6 30. Qd5 Rac8 31. h3 Kg8 32. Rd1 Kf7 33. Bxd6 Ne2+ 34.
Kh2 Nc3 35. Qd3 Rd8 36. Rc1 Rdxd6 37. Qf3+ Ke7 38. Rxc3 b5 39. Qg3 b4 40. Rb3
Rxa6 41. Rxb4 Rd4 42. Rb7+ Kd6 43. Qh4 h5 44. Qe7+ Kc6 45. Rb2 Nc5 46. Rc2 Ra5
47. Qxe5 Rd6 48. Qe8+ Kc7 49. e5 Rc6 50. e6 Rxe6 51. Qxe6 1-0

[Event "2.BLS 0506 SC HP Böblingen - OSC Baden "]
[Site "?"]
[Date "2005.10.23"]
[Round "1.6"]
[White "Tuncer, Ufuk"]
[Black "Reefschlaeger, Helmut"]
[Result "0-1"]
[WhiteElo "2295"]
[BlackElo "2314"]
[PlyCount "72"]
[EventDate "2005.??.??"]

1. d4 d5 2. Nf3 e6 3. g3 c6 4. Bg2 f5 5. O-O Nf6 6. c4 Bd6 7. Qc2 O-O 8. b3 Qe7
9. Bb2 b6 10. Nbd2 Bb7 11. Ne5 Nbd7 12. Ndf3 Rac8 13. Rac1 c5 14. Qb1 Ne4 15.
Nxd7 Qxd7 16. Rfd1 Qe7 17. Ne5 Bxe5 18. dxe5 d4 19. Qd3 Rcd8 20. b4 Qc7 21.
bxc5 bxc5 22. Qa3 Ng5 23. Bxb7 Qxb7 24. f3 Qc7 25. h4 Nf7 26. f4 Qc6 27. Qf3
Qa4 28. Ba3 Rc8 29. Rd3 Nh6 30. Qb7 Rfd8 31. Qe7 Qc6 32. Rc2 Rd7 33. Qg5 Ng4
34. Bc1 Rb8 35. Rb3 Rxb3 36. axb3 Qe4 0-1

[Event "2.BLS 0506 SC HP Böblingen - OSC Baden "]
[Site "?"]
[Date "2005.10.23"]
[Round "1.7"]
[White "Borulya, Ekaterina"]
[Black "Boehm, Martin"]
[Result "1-0"]
[WhiteElo "2286"]
[BlackElo "2254"]
[PlyCount "103"]
[EventDate "2005.??.??"]

1. e4 c5 2. Nf3 e6 3. d4 cxd4 4. Nxd4 a6 5. c4 Nc6 6. Nc3 Qc7 7. Be3 Nf6 8. Be2
Bb4 9. f3 Bxc3+ 10. bxc3 d6 11. O-O O-O 12. g4 Na5 13. Nb3 Bd7 14. Nxa5 Qxa5
15. Qxd6 Bc6 16. Bd4 Nd7 17. e5 Qd8 18. Qa3 h5 19. Qc1 hxg4 20. fxg4 Qh4 21.
Qe3 Rae8 22. g5 Rc8 23. Rab1 g6 24. Qf4 Qxf4 25. Rxf4 Rc7 26. h4 Kg7 27. Rbf1
b6 28. h5 gxh5 29. Bxh5 Nc5 30. Bxc5 bxc5 31. g6 Kh6 32. Rxf7 Rcxf7 33. Rxf7
Rxf7 34. gxf7 Kg7 35. Kf2 Be4 36. Ke3 Bb1 37. a3 Ba2 38. Kd3 Bb1+ 39. Kd2 Ba2
40. Be2 Bb3 41. Bh5 Bxc4 42. Ke3 Bb3 43. Kf4 Bc4 44. Kg5 Bb3 45. f8=Q+ Kxf8 46.
Kf6 Bc4 47. Bf7 Bb5 48. Bxe6 Ke8 49. Bd5 Kd8 50. e6 Kc7 51. Kf7 Kd6 52. c4 1-0

[Event "2.BLS 0506 SC HP Böblingen - OSC Baden "]
[Site "?"]
[Date "2005.10.23"]
[Round "1.8"]
[White "Heinl, Thomas"]
[Black "Konson, Konstantin"]
[Result "1/2-1/2"]
[WhiteElo "2248"]
[BlackElo "2245"]
[PlyCount "128"]
[EventDate "2005.??.??"]

1. e4 e5 2. Nf3 Nc6 3. Bc4 Nf6 4. d3 Be7 5. Nbd2 O-O 6. a4 d5 7. Bb5 dxe4 8.
dxe4 Bg4 9. Bxc6 bxc6 10. h3 Bh5 11. Qe2 Re8 12. O-O Bd6 13. Re1 h6 14. Qc4 Qd7
15. Nh4 Kh7 16. Nb3 Rab8 17. Bd2 Bf8 18. Bc3 g5 19. Nf5 g4 20. Rad1 Qe6 21.
Qxe6 Rxe6 22. Ng3 Bg6 23. hxg4 Nxg4 24. f3 Rxb3 25. fxg4 Bc5+ 26. Kf1 Rb8 27.
Rd7 Bb4 28. Rxc7 Bxc3 29. bxc3 Rb2 30. Rc1 a6 31. Ra7 c5 32. Rc7 Ra2 33. Rxc5
Rxa4 34. c4 Kg7 35. Ke2 Rd6 36. Rd5 Rc6 37. c5 Bxe4 38. Rxe5 Bg6 39. c4 Ra2+
40. Kf3 Ra3+ 41. Kf4 Ra5 42. Ne4 f6 43. Rd5 Bxe4 44. Kxe4 Raxc5 45. Rxc5 Rxc5
46. Kd4 Rc8 47. c5 Rd8+ 48. Ke4 Kf7 49. Ra1 Rg8 50. Rxa6 Rxg4+ 51. Kd5 Rxg2 52.
Ra7+ Kg6 53. c6 h5 54. Ra4 Kf5 55. c7 Rg8 56. Rc4 Rc8 57. Kd6 Kg5 58. Rc5+ Kg4
59. Kd7 Rxc7+ 60. Rxc7 h4 61. Ke6 h3 62. Kxf6 h2 63. Rh7 Kg3 64. Rxh2 Kxh2
1/2-1/2

[Event "2.BLS 0506 Stuttgarter SF - Karlsruher "]
[Site "?"]
[Date "2005.10.23"]
[Round "1.1"]
[White "Gerstner, Wolfgang"]
[Black "Berezovsky, Igor"]
[Result "0-1"]
[WhiteElo "2407"]
[BlackElo "2433"]
[PlyCount "98"]
[EventDate "2005.??.??"]

1. d4 e6 2. c4 Bb4+ 3. Bd2 a5 4. Nc3 Nf6 5. Qc2 d6 6. Bg5 e5 7. Nf3 h6 8. Bh4
Qe7 9. a3 Bxc3+ 10. Qxc3 Nc6 11. d5 Nb8 12. Nd2 a4 13. e3 Na6 14. Qa5 Bd7 15.
c5 dxc5 16. Bxa6 b6 17. Qc3 Rxa6 18. O-O Bb5 19. Bxf6 Qxf6 20. Rfd1 O-O 21. Ne4
Qg6 22. Ng3 Re8 23. e4 Raa8 24. Rd2 h5 25. Qf3 Qg5 26. Rad1 g6 27. d6 Rad8 28.
h4 Qxh4 29. dxc7 Rc8 30. Rd6 Rxc7 31. Rxb6 Bd7 32. Rdd6 Be6 33. Nf1 Qg5 34. Ne3
h4 35. Nd5 Bxd5 36. Rxd5 c4 37. Rbb5 Qc1+ 38. Rd1 Qf4 39. Qe2 c3 40. Qc2 Rec8
41. Rbd5 cxb2 42. Qxb2 Rc1 43. Qb4 Qg4 44. f3 Qg3 45. Rd8+ Rxd8 46. Rxc1 h3 47.
Qb2 Rd3 48. Kh1 hxg2+ 49. Qxg2 Qxf3 0-1

[Event "2.BLS 0506 Stuttgarter SF - Karlsruher "]
[Site "?"]
[Date "2005.10.23"]
[Round "1.2"]
[White "Vujic, Branimir"]
[Black "Karst, Elmar"]
[Result "1-0"]
[WhiteElo "2357"]
[BlackElo "2317"]
[PlyCount "78"]
[EventDate "2005.??.??"]

1. d4 d5 2. Bf4 Nf6 3. e3 e6 4. Nd2 c5 5. c3 Nbd7 6. Ngf3 Be7 7. Ne5 O-O 8. Bd3
a6 9. Qf3 cxd4 10. exd4 Nxe5 11. dxe5 Nd7 12. Qh3 g6 13. O-O-O b5 14. Kb1 Nc5
15. Bc2 a5 16. Nf3 b4 17. c4 a4 18. Bd3 Qc7 {(=)} 19. Qh6 Nxd3 20. Rxd3 dxc4
21. Rd4 Re8 22. Bg5 Bf8 23. Qh4 Ba6 24. Bf6 h6 25. Rc1 Rec8 26. Nd2 Qb7 27. Ne4
c3 28. Bg5 f5 29. Nf6+ Kf7 30. Bxh6 Be7 31. Bg5 Rh8 32. Qf4 cxb2 33. Rcd1 b3
34. Rd7 bxa2+ 35. Kxa2 Qb3+ 36. Kb1 Rae8 37. Nxe8 Rxe8 38. Bxe7 Rxe7 39. Rxe7+
Kxe7 1-0

[Event "2.BLS 0506 Stuttgarter SF - Karlsruher "]
[Site "?"]
[Date "2005.10.23"]
[Round "1.3"]
[White "Arnold, Lothar"]
[Black "Reuss, Andreas"]
[Result "1/2-1/2"]
[WhiteElo "2348"]
[BlackElo "2339"]
[PlyCount "83"]
[EventDate "2005.??.??"]

1. e4 c6 2. d4 d5 3. Nd2 dxe4 4. Nxe4 Bf5 5. Ng3 Bg6 6. h4 h6 7. Nf3 Nd7 8. h5
Bh7 9. Bd3 Bxd3 10. Qxd3 e6 11. Bd2 Ngf6 12. O-O-O Bd6 13. Ne4 Nxe4 14. Qxe4
Nf6 15. Qe2 Qc7 16. Kb1 O-O-O 17. c4 c5 18. Bc3 Rhe8 19. Ne5 Bxe5 20. dxe5 Ng8
21. Rxd8+ Rxd8 22. Qg4 Qd7 23. Re1 Ne7 24. b3 Qd3+ 25. Kb2 Nf5 26. Qe4 g6 27.
g4 Ng7 28. Qf4 gxh5 29. Qxh6 Qg6 30. Qe3 b6 31. gxh5 Qxh5 32. Qe4 Kc7 33. Rh1
Qf5 34. Qxf5 Nxf5 35. Rh7 Rd7 36. Kc2 a6 37. a3 Kc6 38. a4 Kb7 39. Bb2 Kc6 40.
Bc3 Kb7 41. Bb2 Kc6 42. Bc3 1/2-1/2

[Event "2.BLS 0506 Stuttgarter SF - Karlsruher "]
[Site "?"]
[Date "2005.10.23"]
[Round "1.4"]
[White "Heinatz, Thomas"]
[Black "Werner, Clemens"]
[Result "0-1"]
[WhiteElo "2295"]
[BlackElo "2282"]
[PlyCount "70"]
[EventDate "2005.??.??"]

1. e4 e5 2. Nf3 Nc6 3. Bb5 Nf6 4. d3 d6 5. c3 g6 6. O-O Bg7 7. Re1 O-O 8. d4
Bd7 9. d5 Nb8 10. Bf1 a5 11. b4 Ne8 12. Nbd2 f5 13. bxa5 Rxa5 14. Nc4 Ra8 15.
a4 f4 16. a5 b5 17. Nb2 g5 18. Nd2 Nf6 19. Qb3 Na6 20. Nd3 g4 21. c4 Rb8 22.
cxb5 Bxb5 23. Ba3 Bh6 24. Nc4 g3 25. fxg3 fxg3 26. hxg3 Ng4 27. Ra2 Qf6 28. Qd1
Qg6 29. Nf2 Rxf2 30. Rxf2 Qh5 31. Bd3 Qh2+ 32. Kf1 Nxf2 33. Kxf2 Rf8+ 34. Qf3
Rxf3+ 35. Kxf3 Qh5+ 0-1

[Event "2.BLS 0506 Stuttgarter SF - Karlsruher "]
[Site "?"]
[Date "2005.10.23"]
[Round "1.5"]
[White "Bach, Edwin"]
[Black "Lorscheid, Gerhard"]
[Result "1/2-1/2"]
[WhiteElo "2296"]
[BlackElo "2262"]
[PlyCount "83"]
[EventDate "2005.??.??"]

1. Nf3 d6 2. d4 Nf6 3. Nc3 g6 4. e4 Bg7 5. Be2 O-O 6. O-O Bg4 7. h3 Bxf3 8.
Bxf3 e5 9. Ne2 Nc6 10. c3 Kh8 11. Re1 a5 12. g3 Qd7 13. Bg2 Rae8 14. d5 Nb8 15.
Be3 Na6 16. c4 Ng8 17. Qd2 b6 18. Rab1 Nc5 19. b3 f5 20. f3 Nf6 21. Nc3 Nh5 22.
Bf2 Qd8 23. a3 Bf6 24. b4 Nb7 25. Nb5 Bg5 26. Qc2 Qd7 27. Na7 fxe4 28. fxe4 Ra8
29. Nc6 axb4 30. axb4 Ra3 {(=)} 31. Rb3 Rxb3 32. Qxb3 Nd8 33. Nxd8 Qxd8 34. c5
bxc5 35. bxc5 Rxf2 36. Kxf2 Nxg3 37. Kg1 Bh4 38. c6 Kg7 39. Qf3 Nh5 40. Rb1 Qa8
41. Qe3 Bg3 42. Kh1 {(=)} 1/2-1/2

[Event "2.BLS 0506 Stuttgarter SF - Karlsruher "]
[Site "?"]
[Date "2005.10.23"]
[Round "1.6"]
[White "Fritsch, Rolf"]
[Black "Duschek, Volker"]
[Result "1-0"]
[WhiteElo "2220"]
[BlackElo "2287"]
[PlyCount "59"]
[EventDate "2005.??.??"]

1. g3 g6 2. Bg2 Bg7 3. d4 Nf6 4. e4 d6 5. Ne2 O-O 6. O-O e5 7. h3 exd4 8. Nxd4
Re8 9. Nc3 Nbd7 10. Nb3 Rb8 11. Re1 b6 12. f4 Bb7 13. Qd3 Qc8 14. Bd2 Nc5 15.
Nxc5 bxc5 16. b3 Nxe4 17. Nxe4 Bxa1 18. Rxa1 Bxe4 19. Bxe4 Qxh3 20. Bc6 Re7 21.
Bc3 Qg4 22. Kf2 Qf5 23. Qxf5 gxf5 24. Rd1 Rb6 25. Bg2 c4 26. bxc4 Ra6 27. Rb1
Kf8 28. a4 c6 29. a5 Rc7 30. c5 1-0

[Event "2.BLS 0506 Stuttgarter SF - Karlsruher "]
[Site "?"]
[Date "2005.10.23"]
[Round "1.7"]
[White "Schlager, Thomas"]
[Black "Migl, Dieter"]
[Result "1/2-1/2"]
[WhiteElo "2297"]
[BlackElo "2213"]
[PlyCount "128"]
[EventDate "2005.??.??"]

1. d4 Nf6 2. c4 c5 3. d5 b5 4. cxb5 a6 5. bxa6 e6 6. Nc3 Nxd5 7. Nxd5 exd5 8.
Qxd5 Nc6 9. e3 Be7 10. Nf3 O-O 11. Ne5 Bxa6 12. Nxc6 dxc6 13. Qxd8 Rfxd8 14.
Bxa6 Rxa6 15. Ke2 Bf6 16. Rd1 Rb8 17. Rd2 c4 18. Rc2 Ra4 19. Rb1 h5 20. b3 Rab4
21. Bd2 cxb3 22. axb3 Rxb3 23. Rxb3 Rxb3 24. Rxc6 Rb2 25. Rc8+ Kh7 26. Rc7 Kg8
27. f4 Ra2 28. e4 Bd4 29. Kd3 Bb6 30. Rd7 Ba5 31. Bxa5 Rxa5 32. Ke3 Ra3+ 33.
Rd3 Ra2 34. Rd2 Ra3+ 35. Rd3 Ra2 36. Kf3 Kf8 37. h3 Ra1 38. Rb3 Rf1+ 39. Ke3
Re1+ 40. Kd4 Re2 41. g3 Rh2 42. h4 Ra2 43. Rc3 Ra7 44. f5 Ke7 45. Ke3 Ra5 46.
Kf4 Ra4 47. Rc7+ Kf6 48. Rc6+ Ke7 49. f6+ gxf6 50. Rc5 Ra1 51. Rxh5 Rf1+ 52.
Kg4 Kf8 53. Rf5 Re1 54. Kf4 Kg7 55. Ra5 Rf1+ 56. Kg4 Re1 57. Ra4 Kg6 58. Kf3
Kg7 59. Ra2 Rh1 60. Rf2 Kg6 61. Kg4 Kg7 62. h5 Re1 63. Kf4 Rh1 64. g4 Rh3
1/2-1/2

[Event "2.BLS 0506 Stuttgarter SF - Karlsruher "]
[Site "?"]
[Date "2005.10.23"]
[Round "1.8"]
[White "Schmid, Wolfgang"]
[Black "Pfrommer, Christoph"]
[Result "1/2-1/2"]
[WhiteElo "2209"]
[BlackElo "2252"]
[PlyCount "82"]
[EventDate "2005.??.??"]

1. e4 c5 2. Nf3 Nf6 3. Nc3 Nc6 4. d4 d5 5. exd5 Nxd5 6. Be2 cxd4 7. Nxd4 Nxc3
8. bxc3 g6 9. O-O Bg7 10. Nxc6 Qxd1 11. Rxd1 bxc6 12. Bf3 O-O 13. Bxc6 Bg4 14.
Bxa8 Bxd1 15. Be4 Bxc3 16. Rb1 Be2 17. Be3 a6 18. Bd5 Rd8 19. Bb3 Kg7 20. f3
Bb5 21. Kf2 e5 22. a4 Bc6 23. Ke2 f5 24. Rd1 Rxd1 25. Kxd1 Kf6 26. Ke2 g5 27.
Bb6 e4 28. Bd8+ Kg6 29. Bc7 exf3+ 30. gxf3 f4 31. Bc4 Bxa4 32. Kd3 Bb4 33. Bxa6
Bc6 34. Ke2 h6 35. Bd3+ Kf6 36. Bb6 Bc3 37. Bd8+ Ke6 38. Bc4+ Kf5 39. Bd3+ Ke6
40. Bc4+ Kf5 41. Bd3+ Ke6 1/2-1/2

[Event "2.BLS 0506 Bad Mergentheim - SC Bann"]
[Site "?"]
[Date "2005.10.23"]
[Round "1.1"]
[White "Stocek, Jiri"]
[Black "Korneev, Oleg"]
[Result "1/2-1/2"]
[WhiteElo "2580"]
[BlackElo "2601"]
[PlyCount "85"]
[EventDate "2005.??.??"]

1. d4 d5 2. c4 e6 3. Nf3 Nf6 4. Nc3 c6 5. Bg5 h6 6. Bh4 dxc4 7. e4 g5 8. Bg3 b5
9. Be2 Bb7 10. O-O Nbd7 11. d5 cxd5 {(=)} 12. exd5 Nxd5 13. Nxb5 a6 14. Nbd4
Bg7 15. Bxc4 O-O 16. Re1 Rc8 17. Rc1 Qb6 18. h3 Rfd8 19. Bxd5 Bxd5 20. Rxc8
Rxc8 21. Nf5 exf5 22. Qxd5 Qb5 23. Qxb5 axb5 24. Rd1 Nf8 25. Be5 Bxe5 26. Nxe5
Rc2 27. Nd3 Ne6 28. Kf1 Nf4 29. Nxf4 gxf4 30. b4 Rxa2 31. Rd5 Rb2 32. Rxb5 Kg7
33. Rb6 h5 34. h4 Rb1+ 35. Ke2 Rh1 36. Kf3 Rxh4 37. Rc6 Rh1 38. Kxf4 Rb1 39.
Rc4 Rb2 40. Kg3 Kg6 41. Rc6+ f6 42. Rc4 Kg5 43. f3 1/2-1/2